Histories : French constructions of the past
Αποθηκεύτηκε σε:
| Άλλοι συγγραφείς: | , , |
|---|---|
| Μορφή: | Βιβλίο |
| Γλώσσα: | English |
| Δημοσίευση: |
New York :
New Press,
1995
|
| Σειρά: | New Press postwar French thought series ;
; 1 |
| Θέματα: | |
| Ετικέτες: |
Προσθήκη ετικέτας
Δεν υπάρχουν, Καταχωρήστε ετικέτα πρώτοι!
|
MARC
| LEADER | 00000nam a2200000 i 4500 | ||
|---|---|---|---|
| 001 | 1/92058 | ||
| 008 | 080819s1995 eng d | ||
| 020 | |a 978-1-56584-435-3 | ||
| 020 | |a 1-56584-435-1 | ||
| 035 | |l 10099460 | ||
| 040 | |a GR-MY-UA |b gre |e aacr | ||
| 041 | 0 | |a eng | |
| 082 | 0 | |a 944.0810722 |2 (22) | |
| 245 | 1 | 0 | |a Histories : |b French constructions of the past / |c edited by Jacques Revel and Lynn Hunt ; translated by Arthur Goldhammer |
| 260 | |a New York : |b New Press, |c 1995 | ||
| 300 | |a xx, 654 σ.; |c 24 εκ. | ||
| 490 | 1 | |a The New Press postwar French thought series |v ; 1 | |
| 504 | |a Βιβλιογραφία: σ. 650-654 | ||
| 651 | 0 | |a France |x History |y 1945 |x Historiography. | |
| 700 | 1 | |a Revel, Jacques |d 1942- |4 edt | |
| 700 | 1 | |a Hunt, Lynn Avery. |4 edt | |
| 700 | 0 | |a Goldhammer, Arthur. |4 trl | |
| 830 | 0 | |a New Press postwar French thought series ; |v ; 1 | |
| 852 | |a INST |b LESVOS |e 20080819 |h 944.0810722 HIS |p 005100042148 |q 005100042148 |t BK |y 0 | ||
| 901 | |a BIBL1-2008-2 | ||
| 909 | |a Λ |b 145217 | ||
| 922 | |a 1ΕΛΗ |b 200801 |c ΕΠΕΑΕΚ2/ΤΚΑ |d ΕΛΕΥΘΕΡΟΥΔΑΚΗΣ | ||
| 970 | |a ΓΙΑΛΑΜΑ |b ΜΑΡΙΑ |z 2008/08/19 | ||